|
|
|
|
| LEADER |
01203nam a22002537a 4500 |
| 001 |
38587 |
| 003 |
BD-DhAAL |
| 008 |
220725t2006 bg a|||| |||| 00| 0 ben d |
| 999 |
|
|
|c 44641
|d 44641
|
| 040 |
|
|
|a BD-DhAAL
|c BD-DhAAL
|
| 041 |
|
|
|a ben
|
| 082 |
|
|
|a 320.54095492
|
| 100 |
|
|
|a হামিদ, খোন্দকার আব্দুল
|9 50197
|
| 245 |
|
|
|a স্পষ্টভাষীর কলাম (২য় খন্ড) :
|b বাংলাদেশী জাতীয়তাবাদ /
|c খোন্দকার আব্দুল হামিদ
|
| 246 |
|
|
|a Spasta bhashir column
|
| 260 |
|
|
|a ঢাকা :
|b এডিএল প্রকাশনী,
|c ২০০৬.
|
| 300 |
|
|
|a ২৩২ পৃষ্ঠা :
|b চিত্র ;
|c ২২ সে.মি.
|
| 362 |
|
|
|a Vol. 2
|
| 541 |
|
|
|a Donated By Akbar Ali Khan
|e 38587
|
| 650 |
|
|
|a Nationalism
|z Bangladesh.
|9 50198
|
| 651 |
|
|
|a Bangladesh
|x Politics and government.
|9 50199
|
| 852 |
|
|
|a Ayesha Abed Library
|c Akbar Ali Khan Collection
|
| 942 |
|
|
|2 ddc
|c BK
|
| 952 |
|
|
|0 0
|1 0
|2 ddc
|4 0
|6 320_540954920000000_HAM
|7 1
|9 71330
|a BRACUL
|b BRACUL
|c AAKC
|d 2022-07-25
|e Donated by Akbar Ali Khan
|l 0
|o 320.54095492 HAM
|p 3010038587
|r 2022-07-25
|t 1
|w 2022-07-25
|y BK
|